<?xml version="1.0" encoding="UTF-8"?>
<record
    xmlns:xsi="http://www.w3.org/2001/XMLSchema-instance"
    xsi:schemaLocation="http://www.loc.gov/MARC21/slim http://www.loc.gov/standards/marcxml/schema/MARC21slim.xsd"
    xmlns="http://www.loc.gov/MARC21/slim">

  <leader>03973nab a22003377i 4500</leader>
  <controlfield tag="003">KOSZ 005</controlfield>
  <controlfield tag="005">20170224131151.0</controlfield>
  <controlfield tag="008">160308s2009        ||||| ||||0|| ||eng </controlfield>
  <datafield tag="035" ind1=" " ind2=" ">
    <subfield code="a">PBN-R:317107</subfield>
  </datafield>
  <datafield tag="040" ind1=" " ind2=" ">
    <subfield code="c">KOSZ 005/md</subfield>
    <subfield code="a">PBN-ID</subfield>
  </datafield>
  <datafield tag="041" ind1="0" ind2=" ">
    <subfield code="a">eng</subfield>
    <subfield code="b">eng</subfield>
  </datafield>
  <datafield tag="044" ind1=" " ind2=" ">
    <subfield code="a">621.01</subfield>
  </datafield>
  <datafield tag="100" ind1=" " ind2=" ">
    <subfield code="a">WIERZCHOLSKI, Krzysztof.</subfield>
    <subfield code="d">1996 - .</subfield>
    <subfield code="b">Politechnika Koszali&#x144;ska - Instytut Mechatroniki, Nanotechnologii i Techniki Pr&#xF3;&#x17C;niowej,</subfield>
    <subfield code="c">Zak&#x142;ad Mechatroniki i Mechaniki Stosowanej</subfield>
  </datafield>
  <datafield tag="245" ind1="1" ind2="0">
    <subfield code="a">Adhesion and Capilarity in microbearing lubrication /</subfield>
    <subfield code="c">Krzysztof Wierzcholski, Andrzej Miszczak.</subfield>
  </datafield>
  <datafield tag="260" ind1=" " ind2=" ">
    <subfield code="c">2009.</subfield>
  </datafield>
  <datafield tag="520" ind1=" " ind2=" ">
    <subfield code="a">Present paper shows the some main phenomena which have important influence on the micro-bearing operating parameters. To above mentioned phenomena belong: adhesion forces, adsorption forces, capillary forces, elastic and hyperelastic deformations of cooperating micro-bearing surfaces, Van-der Waals electrostatic forces on the micro-bearing surfaces. Because the height of super thin micro-bearing gap is very small often smaller than 1 micrometer, hence the adhesion forces and capillary forces arising in micro-bearing gap, provoke the oil dynamic viscosity changes. This fact leads to the hydrodynamic pressure and bearing carrying capacity changes. The performed research play off the main role of mechanical micro-deformations of cooperating micro-bearing surfaces on non-Newtonian oil dynamic viscosity and here are indicated the influence of capillary force on adhesion forces in micro-scale. The micro-deformations of the micro-bearing gap height are effecting the changes of oil flow velocity in the gap, this fact leads to the share rate changes and therefore we obtain changes of apparent viscosity of the non-Newtonian oil. Niniejsza praca pokazuje g&#x142;&#xF3;wne zjawiska, kt&#xF3;re maj&#x105; zasadniczy wp&#x142;yw na parametry eksploatacyjne mikro&#x142;o&#x17C;ysk. Do powy&#x17C;ej wymienionych zjawisk nale&#x17C;&#x105;: si&#x142;y adhezji, si&#x142;y adsorpcji, kapilarno&#x15B;&#x107;, spr&#x119;&#x17C;yste oraz hiperspr&#x119;&#x17C;yste deformacje wsp&#xF3;&#x142;pracuj&#x105;cych powierzchni mikro&#x142;o&#x17C;yska, elektrostatyczne si&#x142;y Van der Waalsa powsta&#x142;e na powierzchni. Poniewa&#x17C; wysoko&#x15B;&#x107; super cienkiej szczeliny mikro&#x142;o&#x17C;yska jest bardzo ma&#x142;a i bardzo cz&#x119;sto du&#x17C;o mniejsza od jednego mikrometra dlatego te&#x17C; si&#x142;y adhezyjne i si&#x142;y kapilarno&#x15B;ci wyst&#x119;puj&#x105;ce w szczelinie mikro&#x142;o&#x17C;yska powoduj&#x105; zmiany lepko&#x15B;ci dynamicznej oleju smaruj&#x105;cego. Ten fakt wiedzie do zmian warto&#x15B;ci ci&#x15B;nienia hydrodynamicznego w mikro&#x142;o&#x17C;ysku a tym samym do zmian warto&#x15B;ci si&#x142; no&#x15B;nych takiego &#x142;o&#x17C;yska &#x15B;lizgowego. Przeprowadzone badania naukowe przedstawiaj&#x105; wa&#x17C;n&#x105; rol&#x119; mechanicznych mikro-deformacji wsp&#xF3;&#x142;pracuj&#x105;cych powierzchni na lepko&#x15B;&#x107; dynamiczn&#x105; oleju o w&#x142;asno&#x15B;ciach nienewtonowskich a tak&#x17C;e wp&#x142;yw si&#x142; kapilarnych na si&#x142;y adhezji w mikro skali. Mikro-deformacje wysoko&#x15B;ci szczeliny mikro&#x142;o&#x17C;yska wywo&#x142;uj&#x105; zmiany pr&#x119;dko&#x15B;ci przep&#x142;ywu oleju w szczelinie &#x142;o&#x17C;yska a ten fakt wiedzie do zmian pr&#x119;dko&#x15B;ci &#x15B;cinania towarzysz&#x105;cemu przep&#x142;ywowi smaruj&#x105;cemu co z kolei jest powodem zmian lepko&#x15B;ci dynamicznej pozornej oleju o nie-Newtonowskich w&#x142;a&#x15B;ciwo&#x15B;ciach.</subfield>
  </datafield>
  <datafield tag="650" ind1=" " ind2="0">
    <subfield code="a">Budowa i eksploatacja maszyn.</subfield>
  </datafield>
  <datafield tag="650" ind1=" " ind2="0">
    <subfield code="a">Transport.</subfield>
  </datafield>
  <datafield tag="650" ind1=" " ind2="0">
    <subfield code="a">Machinery construction and operation.</subfield>
  </datafield>
  <datafield tag="650" ind1=" " ind2="0">
    <subfield code="a">Original article presents the results of original research or experiment.</subfield>
  </datafield>
  <datafield tag="650" ind1=" " ind2="0">
    <subfield code="a">Oryginalny artyku&#x142; naukowy przedstawia rezultaty oryginalnych bada&#x144; naukowych lub eksperymentu.</subfield>
  </datafield>
  <datafield tag="653" ind1=" " ind2=" ">
    <subfield code="a">adsorption|en</subfield>
  </datafield>
  <datafield tag="653" ind1=" " ind2=" ">
    <subfield code="a">adhesion|en</subfield>
  </datafield>
  <datafield tag="653" ind1=" " ind2=" ">
    <subfield code="a">capilarity forces|en</subfield>
  </datafield>
  <datafield tag="653" ind1=" " ind2=" ">
    <subfield code="a">microbearing lubrication;S&#x142;owa kluczowe: adsorpcja|en</subfield>
  </datafield>
  <datafield tag="653" ind1=" " ind2=" ">
    <subfield code="a">adhezja|en</subfield>
  </datafield>
  <datafield tag="653" ind1=" " ind2=" ">
    <subfield code="a">si&#x142;y kapilarne|en</subfield>
  </datafield>
  <datafield tag="653" ind1=" " ind2=" ">
    <subfield code="a">smarowanie mikro&#x142;o&#x17C;yska|en</subfield>
  </datafield>
  <datafield tag="773" ind1="0" ind2="8">
    <subfield code="i">W:</subfield>
    <subfield code="t">Journal of KONES. -</subfield>
    <subfield code="x">1231-4005</subfield>
    <subfield code="d">Europejskie Towarzystwo Naukowe Nap&#x119;d&#xF3;w i &#x15A;rodk&#xF3;w Transportu KONES w Polsce; Instytut Lotnictwa;</subfield>
    <subfield code="g">2009, nr 16(3), s. 497-504.</subfield>
  </datafield>
  <datafield tag="942" ind1=" " ind2=" ">
    <subfield code="c">ART</subfield>
    <subfield code="2">UKD</subfield>
  </datafield>
  <datafield tag="999" ind1=" " ind2=" ">
    <subfield code="c">7909</subfield>
    <subfield code="d">7909</subfield>
  </datafield>
</record>
